UBT Library

Clinical decision making in behavior therapy : (Record no. 43192)

000 -LEADER
fixed length control field 00815cam a2200265 a 4500
001 - CONTROL NUMBER
control field 4819865
005 - DATE AND TIME OF LATEST TRANSACTION
control field 20180222072941.0
008 - FIXED-LENGTH DATA ELEMENTS--GENERAL INFORMATION
fixed length control field 890502s1989 ilua b 000 0 eng d
010 ## - LIBRARY OF CONGRESS CONTROL NUMBER
LC control number 89061522
020 ## - INTERNATIONAL STANDARD BOOK NUMBER
International Standard Book Number 0878223177
035 ## - SYSTEM CONTROL NUMBER
System control number (OCoLC)22542395
040 ## - CATALOGING SOURCE
Original cataloging agency DNLM
Transcribing agency DLC
Modifying agency DLC
041 ## - LANGUAGE CODE
Language code of text/sound track or separate title eng
042 ## - AUTHENTICATION CODE
Authentication code lccopycat
060 00 - NATIONAL LIBRARY OF MEDICINE CALL NUMBER
Classification number WM 425
Item number C6405 1989
080 ## - UNIVERSAL DECIMAL CLASSIFICATION NUMBER
Universal Decimal Classification number 61 NEZ
082 ## - DEWEY DECIMAL CLASSIFICATION NUMBER
Classification number 61 NEZ
100 ## - Rafti
Rafti 3
101 ## - Shkurtesa
Shkurtesa SHM
245 00 - TITLE STATEMENT
Title Clinical decision making in behavior therapy :
Statement of responsibility, etc edited by Arthur M. Nezu, Christine M. Nezu.
504 ## - BIBLIOGRAPHY, ETC. NOTE
Bibliography, etc Includes bibliographical references and indexes.
906 ## - LOCAL DATA ELEMENT F, LDF (RLIN)
a 7
b cbc
c copycat
d 3
e opcn
f 19
g y-gencatlg
942 ## - ADDED ENTRY ELEMENTS (KOHA)
Source of classification or shelving scheme
Item type Books
Holdings
Withdrawn status Lost status Source of classification or shelving scheme Damaged status Not for loan Collection code Permanent location Current location Shelving location Date acquired Total Checkouts Full call number Barcode Date last seen Price effective from Koha item type
          Koleksioni i përgjithshem UBT - Lipjan UBT - Lipjan Koleksioni i përgjithshem 02/22/2018   61 NEZ 002-2999877 02/22/2018 02/22/2018 Books
UBT Library © 2015-2024. All rights reserved University Education for Business and Technology